000 00326 a2200109 4500
001 ART_55798
005 20260410161947.0
008 260409a
245 1 0 _aLa precontractualidad en el derecho del trabajo
100 1 _aTula, Diego J.
773 0 _tTemas de derecho laboral
_g- N° 5 (mayo 2022)
_wREV27619
999 _c30010
_d30010